Age of Empires II - unités uniques - Statistiques

Statistiques générales
  • Ce quiz a été pris 59 fois
  • Le résultat moyen est 19 sur 45
Statistiques - réponses
Civilisation Unité % Correct
Japonais Samouraï
85%
Francs Lanceur de Hache
83%
Teutons Chevalier teutonique
78%
Espagnols Conquistador
75%
Aztèques Guerrier Jaguar
75%
Sarrasins Mamelouk
75%
Turcs Janissaire
70%
Byzantins Cataphracte
68%
Perses Eléphant de Guerre
68%
Drakkar
63%
Goths Huskarl
63%
Chinois Chu Ko Nu
60%
Mongols Mangudaï
60%
Navire Tortue
60%
Celtes Guerrier de Guède
55%
Vikings Fou de Guerre
53%
Mayas Archer à Plumes
50%
Coréens Chariot de Guerre
50%
Britanniques Fantassin à Arc Long
50%
Missionnaire
50%
Huns Tarkan
50%
Condottière
45%
Hongrois Hussard Hongrois
35%
Frondeur
33%
Ethiopiens Guerrier à Shotel
33%
Italiens Arbalétrier Génois
30%
Berbères Archer de Chamellerie
28%
Slaves Boyard
28%
Khmers Eléphant à Baliste
28%
Coumans Kipchak
28%
Lituaniens Leitis
28%
Caravelle
25%
Birmans Arambai
23%
Jinete
23%
Milice Flamande
23%
Bourguignons Coutilier
20%
Incas Kamayuk
20%
Portugais Ribaudequin
20%
Siciliens Sergent
18%
Bulgares Cavalier Bulgare
15%
Maliens Gbeto
15%
Tatars Keshik
15%
Malais Guerrier à Karambit
13%
Vietnamiens Fantassin à Arc en Rotin
8%
Chamelier Incendiaire
5%
Aucun quiz correspondant
Distribution des résultats
% des personnes avec chaque résultat
Percentile par nombre de réponses
Votre historique - résultats
Vous n’avez pas pris ce quiz